|
|
|
|
| LEADER |
00000ckm a2200000 a 4500 |
| 001 |
vtls001204218 |
| 003 |
SK-MaSNL |
| 005 |
20260331202852.0 |
| 007 |
kf co |
| 008 |
230718s1989 xo g 0kuslo |
| 015 |
|
|
|a SNBG1989
|
| 035 |
|
|
|a SNK000147288
|
| 035 |
|
|
|a urn:nbn:sk:snk-km3lwfb
|
| 035 |
|
|
|a 55A826A6-AF43-4787-ADD2-4AF8EE1169AC
|
| 035 |
|
|
|a urn:nbn:sk:snk-km00dr95
|
| 040 |
|
|
|a SNK
|b slo
|c SNK
|e AACR2
|
| 041 |
0 |
|
|a slo
|
| 043 |
|
|
|a e-xo---
|
| 044 |
|
|
|a xo
|c SK
|
| 072 |
|
7 |
|a 913
|x Regionálna geografia
|2 konspekt
|
| 080 |
|
|
|a 913(437.6)
|2 2011
|
| 080 |
|
|
|a (084.121)
|2 2011
|
| 080 |
|
|
|a 912.43
|2 2011
|
| 080 |
|
|
|a 711.4
|2 2011
|
| 100 |
1 |
|
|a Šurkala, Jaroslav,
|d 1938-
|4 pht
|9 7285
|
| 245 |
1 |
0 |
|a Okres Spišská Nová Ves
|h grafika
|c foto: J. Šurkala, L. Jiroušek, P. Holent, P. Paul, J. Lígrová ; výtvarný návrh a mapy: K. Izakovič
|
| 246 |
1 |
|
|i Názov na obrazovej časti:
|a Okres Spišská Nová Ves
|b Východoslovenský kraj
|
| 246 |
1 |
|
|i Názov na obrazovej časti:
|a Spišská Nová Ves
|
| 246 |
1 |
|
|i Názov na obrazovej časti:
|a Levoča
|b zvonica a kostol sv. Jakuba
|
| 246 |
1 |
|
|i Názov na obrazovej časti:
|a Spišský hrad
|
| 246 |
1 |
|
|i Názov na obrazovej časti:
|a Spišské Vlachy - meštianske domy
|
| 246 |
1 |
|
|i Názov na obrazovej časti:
|a Krompachy - nám.
|
| 246 |
1 |
|
|i Názov na obrazovej časti:
|a Margecany - celkový pohľad
|
| 246 |
1 |
|
|i Názov na obrazovej časti:
|a Suchá Belá
|b kaskády - spodná časť
|
| 246 |
1 |
|
|i Názov na obrazovej časti:
|a Gelnica
|b celkový pohľad /vľavo hrad/
|
| 260 |
|
|
|a Bratislava
|b ČSTK-Pressfoto
|c 1989
|e Skalica
|f Grafobal
|
| 300 |
|
|
|a 1 pohľadnica (8 čiastkových pohľadov)
|b farebná
|c 11 x 15 cm
|
| 500 |
|
|
|a Dokument zobrazuje osem samostatných lokalít
|
| 520 |
8 |
|
|a Zobrazenie: Na bielom podklade hnedá slepá mapa a na nej pohľady na dominanty miest Východoslovenského kraja. Vpravo hore slepá mapa Slovenska s význačeným Východoslovenským krajom, pod ňou slepá mapa Východoslovenského kraja s význačeným okresom Spišská Nová Ves a erby miest Spišská Nová Ves, Levoča a Gelnica
|
| 610 |
2 |
7 |
|a Spišský hrad (Žehra, Slovensko)
|2 SNKKA
|9 55722
|
| 650 |
0 |
7 |
|a mapy
|2 SNKPH
|9 871
|
| 650 |
0 |
7 |
|a mestá
|2 SNKPH
|9 2929
|
| 651 |
|
7 |
|a Východoslovenský kraj (Slovensko)
|2 SNKPHgeo
|9 161537
|
| 651 |
|
7 |
|a Spišská Nová Ves (Slovensko : okres)
|2 SNKPHgeo
|9 22259
|
| 651 |
|
7 |
|a Prešovský kraj (Slovensko)
|2 SNK
|9 161504
|
| 651 |
|
7 |
|a Košický kraj (Slovensko)
|2 SNK
|9 161505
|
| 651 |
|
7 |
|a Levoča (Slovensko)
|2 SNKPHgeo)
|9 26696
|
| 651 |
|
7 |
|a Spišské Vlachy (Slovensko)
|2 SNKPHgeo
|9 30828
|
| 651 |
|
7 |
|a Krompachy (Slovensko)
|2 SNKPHgeo
|9 43389
|
| 651 |
|
7 |
|a Margecany (Slovensko)
|2 SNKPHgeo
|9 43538
|
| 651 |
|
7 |
|a Suchá Belá (Slovensko : tiesňava)
|2 SNKPHgeo
|9 59057
|
| 651 |
|
7 |
|a Gelnica (Slovensko)
|2 SNKPHgeo
|9 16801
|
| 655 |
|
7 |
|a miestne pohľadnice
|2 SNKPH
|9 70510
|
| 700 |
1 |
|
|a Jiroušek, Ladislav,
|d 1943-2019
|4 pht
|9 90423
|
| 700 |
1 |
|
|a Holent, Peter,
|d 1956-
|4 pht
|9 174100
|
| 700 |
1 |
|
|a Paul, P.
|c (fotograf)
|4 pht
|9 60489
|
| 700 |
1 |
|
|a Lígrová, J.
|c (fotografka)
|4 pht
|9 181721
|
| 700 |
1 |
|
|a Izakovič, K.
|c (grafik)
|4 art
|9 179239
|
| 852 |
|
|
|a Slovenská národná knižnica
|
| 954 |
|
|
|a pohľadnice pôvodné (slovenské)
|2 lita
|
| 954 |
|
|
|a pohľadnice cudzojazyčné (svetové)
|2 lita
|
| 958 |
|
|
|a GBN
|
| 958 |
|
|
|a TL
|
| 958 |
|
|
|a GC
|
| 958 |
|
|
|a OND
|
| 958 |
|
|
|a EUIPO
|
| 999 |
|
|
|c 697352
|d 699282
|
| 952 |
|
|
|a SNK
|b SNK
|y PREZ
|7 0
|p 17A1297452
|o snkSP 141123
|i snk1567/89
|0 0
|1 0
|4 0
|d 2018-12-18
|f 1
|l 0
|r 2026-02-23 20:46:24
|w 2026-02-23
|
| 952 |
|
|
|a SNK
|b SNK
|y PREZ
|7 0
|p 17A1297456
|o snkSP 141123 D1
|i snk1568/89
|0 0
|1 0
|4 0
|d 2018-12-18
|l 0
|r 2026-02-23 20:46:24
|w 2026-02-23
|